| 000 | 00543nam a22001697a 4500 | ||
|---|---|---|---|
| 005 | 20251108175248.0 | ||
| 008 | 250721s2001 xx 000 0 ara d | ||
| 082 | 1 | 4 | _a344.01/داو |
| 100 | 1 | _aالداوودي، غالب علي | |
| 245 | 1 | 0 | _aشرح قانون العمل _ دراسة مقارنة مع ملحق بالنصوص _ / |
| 264 | 1 |
_aعمان _ الاردن : _bدار وائل للنشر، _c2001. |
|
| 300 | _a262ص. | ||
| 650 | 1 | 7 | _aالقانون |
| 650 | 1 | 7 | _aقانون العمل |
| 942 |
_2ddc _cBK |
||
| 999 |
_c130014 _d130014 |
||